Normal view
MARC view
- B. Turner
Entry Personal Name
001 - CONTROL NUMBER
- control field: 25512
003 - CONTROL NUMBER IDENTIFIER
- control field: NUST
005 - DATE AND TIME OF LATEST TRANSACTION
- control field: 20191112103356.0
008 - FIXED-LENGTH DATA ELEMENTS
- fixed length control field: 191112|| aca||aabn | a|a d
040 ## - CATALOGING SOURCE
- Original cataloging agency: NUST
- Transcribing agency: NUST
100 ## - HEADING--PERSONAL NAME
- Personal name: B. Turner
670 ## - SOURCE DATA FOUND
- Source citation: Work cat.: (NUST): B. Turner , The Statesman's Yearbook 2012: , c2011
